| 000 | 003720000a22001450004500 | ||
|---|---|---|---|
| 003 | LK-CoMWRAF | ||
| 008 | 230817t ||||| |||| 00| 0 eng d | ||
| 040 |
_aLK-CoMWRAF _dLK-CoMWRAF _eLK-CoMWRAF |
||
| 041 | _aeng | ||
| 082 |
_a280 _bCON |
||
| 245 |
_aThe Constitution of the Democratic Socialist Republic of Sri Lanka _b |
||
| 260 |
_b _a _c |
||
| 300 | _ap.129 | ||
| 942 | _cBK | ||
| 999 |
_c1759 _d1759 |
||